[Event "4NCL 2016-17"]
[Site "Telford ENG"]
[Date "2017.04.30"]
[Round "10.25"]
[White "Guichard,P"]
[Black "Van Kampen,R"]
[Result "0-1"]
[WhiteElo "2311"]
[BlackElo "2640"]

1.Nf3 d5 2.g3 c6 3.Bg2 Bg4 4.d3 Nd7 5.O-O e6 6.Nbd2 Bd6 7.b3 Ne7 8.Bb2 O-O
9.e4 e5 10.h3 Bh5 11.Qe2 Bc7 12.exd5 Nxd5 13.Rfe1 Re8 14.Nc4 b5 15.Ne3 Ba5
16.Rec1 Nf4 17.Qd1 Nxg2 18.Kxg2 f6 19.a4 b4 20.Nc4 Bc7 21.Qe2 Nc5 22.Qe3 Qd5
23.Nd2 Bg6 24.d4 Nd7 25.Kh2 Rad8 26.c4 Qf7 27.d5 cxd5 28.cxd5 Bb6 29.Qe2 Qxd5
30.Nc4 Bd3 31.Nxb6 Nxb6 32.Qe3 Qxb3 {#R} 0-1

[Event "4NCL 2016-17"]
[Site "Telford ENG"]
[Date "2017.04.30"]
[Round "10.27"]
[White "Walton,A"]
[Black "Le Roux,JP"]
[Result "0-1"]
[WhiteElo "2191"]
[BlackElo "2549"]

1.d4 g6 2.e4 d6 3.Nc3 Bg7 4.Be3 a6 5.f4 b5 6.Nf3 Bb7 7.Bd3 Nd7 8.e5 c5 9.dxc5
dxe5 10.fxe5 Nxe5 11.Nxe5 Bxe5 12.Qd2 Nf6 13.O-O-O Qc7 14.h3 O-O 15.Rhf1 Rac8
16.g4 b4 17.Nb1 Nd5 18.Bh6 Qxc5 19.Bxf8 Rxf8 20.Bxa6 Ne3 21.Bd3 Nxf1 22.Rxf1
Bf6 23.Qe2 Bd5 24.Nd2 Qd4 25.Rxf6 exf6 {#R} 0-1

[Event "4NCL 2016-17"]
[Site "Telford ENG"]
[Date "2017.04.30"]
[Round "10.28"]
[White "Milliet,S"]
[Black "Horton,Jamie A"]
[Result "1-0"]
[WhiteElo "2387"]
[BlackElo "2179"]

1.e4 c6 2.d4 d5 3.e5 Bf5 4.Nf3 e6 5.Be2 Nd7 6.O-O h6 7.Nbd2 Ne7 8.c3 Qc7 9.Re1
g5 10.Nf1 Bh7 11.Ng3 Nf5 12.Nh5 O-O-O 13.b4 Kb8 14.a4 Ng7 15.Nd2 Rg8 16.Nb3
Nxh5 17.Bxh5 Rg7 18.a5 a6 19.Ra2 Be7 20.Nc5 Ka8 21.Be2 Nb8 22.Bd3 Bxd3 23.Qxd3
Rdg8 24.Be3 Rg6 25.Rb1 h5 26.Na4 Nd7 27.c4 dxc4 28.Qxc4 Qb8 29.Nc5 Qc8 30.Na4
Kb8 31.Rc1 Rd8 32.Rac2 Re8 33.d5 exd5 34.Qd4 Qc7 35.b5 axb5 36.Qa7+ Kc8
37.Nb6+ Nxb6 38.axb6 Qxe5 39.Rxc6+ Rxc6 40.Rxc6+ bxc6 41.b7+ Kd8 42.Bb6+ {#r}
1-0

[Event "4NCL 2016-17"]
[Site "Telford ENG"]
[Date "2017.04.30"]
[Round "10.32"]
[White "Rendle,T"]
[Black "D'Costa,L"]
[Result "1-0"]
[WhiteElo "2360"]
[BlackElo "2391"]

1.e4 c6 2.Nf3 d5 3.Nc3 Bg4 4.h3 Bxf3 5.Qxf3 Nf6 6.d3 e6 7.Bd2 Qb6 8.O-O-O d4
9.Ne2 c5 10.g4 Nc6 11.g5 Nd7 12.Qg3 e5 13.h4 c4 14.dxc4 Nc5 15.Bh3 Rd8 16.h5
Qa6 17.Kb1 Nxe4 18.Qf3 Nxd2+ 19.Rxd2 Qxc4 20.Bf5 Bb4 21.Rdd1 Be7 22.Qg4 Nb4
23.Nc1 Rd6 24.Rhe1 g6 25.Be4 Nd5 26.Bd3 Qc7 27.Rxe5 O-O 28.hxg6 hxg6 29.Rh1
Nc3+ 30.bxc3 Rb6+ 31.Rb5 {#r} 1-0

[Event "4NCL 2016-17"]
[Site "Telford ENG"]
[Date "2017.04.30"]
[Round "10.33"]
[White "Collins,S IRL"]
[Black "Batchelor,Peter J"]
[Result "1-0"]
[WhiteElo "2455"]
[BlackElo "2361"]

1.d4 Nf6 2.Nf3 d5 3.c4 e6 4.g3 dxc4 5.Bg2 Bb4+ 6.Bd2 c5 7.O-O O-O 8.Bxb4 cxb4
9.Qc2 Qc7 10.Ne5 Rd8 11.e3 Nd5 12.Qxc4 Qxc4 13.Nxc4 Nc6 14.Nbd2 Rb8 15.Nb3 b6
16.Rac1 Ba6 17.Rc2 Bb5 18.Rfc1 Ba4 19.Ncd2 Rbc8 20.h4 Kf8 21.Bf1 Nce7 22.Rxc8
Rxc8 23.Rxc8+ Nxc8 24.e4 Nc7 25.f3 a5 26.Kf2 Ke7 27.Nc4 Bxb3 28.axb3 f6 29.Bd3
Kd7 30.f4 Kc6 31.g4 b5 32.Ne3 g6 33.g5 f5 34.h5 Ne7 35.h6 Kd7 36.Bc2 Ke8 37.d5
exd5 38.exf5 Kf7 39.f6 Nc6 40.Bxg6+ Kxg6 41.f5+ {#r} 1-0

[Event "4NCL 2016-17"]
[Site "Telford ENG"]
[Date "2017.04.30"]
[Round "10.37"]
[White "Zaksaite,S"]
[Black "Murphy,Hugh W"]
[Result "1-0"]
[WhiteElo "2274"]
[BlackElo "2105"]

1.e4 e5 2.Nf3 Nc6 3.Bc4 Nf6 4.d4 exd4 5.e5 d5 6.Bb5 Nd7 7.O-O Be7 8.Bxc6 bxc6
9.Nxd4 Nb8 10.f4 c5 11.Nf3 O-O 12.Nc3 c6 13.Ne2 f6 14.Be3 Bg4 15.exf6 Rxf6
16.Ne5 Bh5 17.g4 Be8 18.Ng3 d4 19.Bd2 Qd5 20.c4 Qd8 21.Qe2 Nd7 22.Ne4 Rh6
23.Nd3 Rh4 24.Rae1 Bf8 25.f5 h6 26.Bf4 g6 27.fxg6 Bxg6 28.Bg3 Rh3 29.Nf4 Rxg3+
30.Nxg3 {#r} 1-0

[Event "4NCL 2016-17"]
[Site "Telford ENG"]
[Date "2017.04.30"]
[Round "10.47"]
[White "Wadsworth,Matthew J"]
[Black "Pein,M"]
[Result "1-0"]
[WhiteElo "2290"]
[BlackElo "2353"]

1.c4 e5 2.g3 Nc6 3.Nc3 Bc5 4.Bg2 d6 5.e3 a6 6.Nge2 Ba7 7.b3 h5 8.h4 Nge7 9.Bb2
Bg4 10.d3 Qd7 11.Qd2 O-O 12.Nd5 Nxd5 13.cxd5 Ne7 14.e4 f5 15.f4 fxe4 16.dxe4
exf4 17.gxf4 Bxe2 18.Qxe2 Rxf4 19.Bh3 Qb5 20.Be6+ Kf8 21.Qxb5 axb5 22.O-O-O
Ng6 23.Rdf1 Ke7 24.Bxg7 Be3+ 25.Kb1 c6 26.Bf5 Rg8 27.Bxg6 Rxg7 28.Rxf4 Bxf4
29.Bxh5 Be5 30.dxc6 bxc6 31.a4 Rg2 32.Bd1 bxa4 33.bxa4 Rb2+ 34.Kc1 Rb4 35.h5
Rxe4 36.h6 Rc4+ 37.Bc2 d5 38.h7 d4 39.Re1 {#r} 1-0

[Event "4NCL 2016-17"]
[Site "Telford ENG"]
[Date "2017.04.30"]
[Round "10.51"]
[White "Martins,Dav"]
[Black "Gormally,D"]
[Result "0-1"]
[WhiteElo "2383"]
[BlackElo "2498"]

1.c4 Nf6 2.Nc3 e5 3.g3 Nc6 4.Bg2 Bc5 5.Nf3 d6 6.O-O O-O 7.e3 a6 8.d4 Ba7 9.h3
h6 10.a3 Re8 11.b4 exd4 12.exd4 Ne7 13.Bb2 Be6 14.Qd3 c6 15.Rfe1 Qd7 16.Kh2 b5
17.cxb5 axb5 18.Rac1 Ned5 19.Nxd5 Nxd5 20.Nd2 Rac8 21.Qf3 Ne7 22.Rc2 Bd5
23.Qd3 Bxg2 24.Kxg2 Nd5 25.Rxe8+ Rxe8 26.Qf3 f5 27.Nb3 f4 28.g4 Re3 29.fxe3
Nxe3+ 30.Kh2 Nxc2 31.Qe4 Ne3 32.Qxf4 Qe6 33.Bc1 Nc2 34.Qf3 Nxd4 35.Nxd4 Bxd4
36.Bf4 Qe1 37.Qg2 d5 {#R} 0-1

[Event "4NCL 2016-17"]
[Site "Telford ENG"]
[Date "2017.04.30"]
[Round "10.56"]
[White "Ledger,D"]
[Black "Rawlinson,A"]
[Result "1-0"]
[WhiteElo "2215"]
[BlackElo "2208"]

1.e4 g6 2.d4 Bg7 3.Nc3 d6 4.f4 a6 5.Nf3 b5 6.e5 Nd7 7.a4 b4 8.Nd5 a5 9.exd6
cxd6 10.Bb5 Bb7 11.Ne3 Nf6 12.O-O e6 13.c3 bxc3 14.bxc3 O-O 15.Ba3 Qc7 16.Nc4
Ne4 17.Qd3 Ndf6 18.Rfe1 Rfc8 19.Rac1 Bf8 20.Ncd2 Nxd2 21.Nxd2 d5 22.Bxf8 Kxf8
23.Nf3 Ne4 24.Ne5 f6 25.Nd7+ Kg7 26.Qh3 Qxf4 27.Rf1 Qd2 28.Nb6 Rxc3 29.Rxc3
Nxc3 30.Nxa8 Qxd4+ 31.Kh1 Ne4 32.Nc7 Nf2+ 33.Rxf2 Qxf2 34.Nxe6+ Kf7 35.Nd8+
Kg7 36.Qd7+ Kh8 37.Qe8+ Kg7 38.Qe7+ Kh6 39.Nf7+ Kg7 40.Ne5+ {#r} 1-0

[Event "4NCL 2016-17"]
[Site "Telford ENG"]
[Date "2017.04.30"]
[Round "10.64"]
[White "Haussernot,C"]
[Black "Dorrington,C"]
[Result "0-1"]
[WhiteElo "2084"]
[BlackElo "2334"]

1.e4 c5 2.Nf3 e6 3.d3 Nc6 4.g3 b5 5.Bg2 Nf6 6.O-O Bb7 7.a4 a6 8.Nc3 b4 9.Ne2
d5 10.e5 Nd7 11.Bf4 Be7 12.d4 cxd4 13.Nexd4 Rc8 14.Nxc6 Rxc6 15.Nd4 Rc4 16.b3
Rc8 17.h4 Bc5 18.Qg4 Bxd4 19.Qxg7 Rf8 20.Rad1 Qb6 21.a5 Qa7 22.Qxh7 Bxe5
23.Be3 d4 24.Bxb7 Qxb7 25.Bxd4 Bxd4 26.Rxd4 Ne5 27.Re4 Nf3+ 28.Kg2 Nd2 {#R}
0-1

[Event "4NCL 2016-17"]
[Site "Telford ENG"]
[Date "2017.04.30"]
[Round "10.67"]
[White "Harari,Z"]
[Black "Larter,N"]
[Result "0-1"]
[WhiteElo "2094"]
[BlackElo "1806"]

1.e4 c5 2.Nf3 e6 3.d3 b5 4.a4 b4 5.g3 Bb7 6.Bg2 Nf6 7.O-O Be7 8.Re1 O-O 9.Nbd2
a5 10.e5 Nd5 11.Ne4 Ra7 12.Bg5 f6 13.exf6 Nxf6 14.h4 Nxe4 15.dxe4 Bxg5 16.hxg5
d5 17.exd5 Bxd5 18.Qe2 Raf7 19.Rad1 Nd7 20.Rxd5 exd5 21.Qe6 Kh8 22.Qxd5 Rf5
23.Qe4 c4 24.Re3 Nc5 25.Qxc4 Nxa4 26.Qg4 Nxb2 27.Ne5 Qd1+ 28.Qxd1 Nxd1 29.Re2
Rxf2 30.Re1 Nc3 31.Nd7 Ne2+ 32.Kh2 R8f5 33.g4 Rxg5 34.Kh3 Rg6 35.g5 Rxg5
36.Bf1 Rg3+ {#R} 0-1

[Event "4NCL 2016-17"]
[Site "Telford ENG"]
[Date "2017.04.30"]
[Round "10.68"]
[White "Buttell,David"]
[Black "Bhatia,K"]
[Result "0-1"]
[WhiteElo "1768"]
[BlackElo "2091"]

1.d4 Nf6 2.c4 c5 3.d5 b5 4.cxb5 a6 5.bxa6 g6 6.Nc3 Bxa6 7.Nf3 Bg7 8.g3 d6 9.e4
Qa5 10.Bd2 O-O 11.h3 Nbd7 12.Bxa6 Qxa6 13.Qe2 Rfb8 14.Rb1 Rb4 15.a3 Rb3
16.Qxa6 Rxa6 17.Ke2 Rab6 18.Ra1 Rxb2 19.Na4 Nxe4 20.Nxb2 Rxb2 21.Ke1 Nxd2
22.Nxd2 Bc3 23.Rd1 Ne5 24.Ke2 Ba5 25.f4 Nc4 26.Kd3 Nxd2 27.Rh2 c4+ {#R} 0-1

[Event "4NCL 2016-17"]
[Site "Telford ENG"]
[Date "2017.04.30"]
[Round "10.73"]
[White "Player,E"]
[Black "Kett,T"]
[Result "0-1"]
[WhiteElo "2222"]
[BlackElo "2237"]

1.e4 e5 2.Nf3 Nc6 3.Bb5 a6 4.Ba4 Nf6 5.O-O Be7 6.d3 d6 7.Bxc6+ bxc6 8.Nbd2 O-O
9.Nc4 Bd7 10.Re1 c5 11.Bd2 Ne8 12.Ne3 Rb8 13.Bc3 c6 14.Nd2 g6 15.a3 Ng7 16.b4
Ne6 17.Nb3 cxb4 18.axb4 Qb6 19.Nc4 Qa7 20.Bd2 f5 21.Be3 Qb7 22.exf5 Rxf5 23.c3
Rbf8 24.Re2 Nf4 25.Bxf4 Rxf4 26.Qd2 Qa7 27.Qe3 Qb7 28.Nba5 Qc7 29.Qb6 Qc8
30.Qa7 Qe8 31.Nb7 R4f6 32.Qxa6 g5 33.Qb6 c5 34.Nbxd6 Qh5 35.f3 Bxd6 36.Nxd6 g4
37.Rf1 gxf3 38.Ref2 fxg2 39.Rxg2+ Kh8 40.Ra1 Bh3 {#R} 0-1

[Event "4NCL 2016-17"]
[Site "Telford ENG"]
[Date "2017.04.30"]
[Round "10.77"]
[White "Talsma,P"]
[Black "James,Dav"]
[Result "1-0"]
[WhiteElo "2177"]
[BlackElo "2134"]

1.d4 Nf6 2.c4 e6 3.Nc3 Bb4 4.a3 Bxc3+ 5.bxc3 c5 6.e3 Nc6 7.Bd3 O-O 8.Rb1 d5
9.cxd5 exd5 10.Ne2 b6 11.f3 Ne7 12.Ng3 h5 13.O-O h4 14.Nh1 cxd4 15.cxd4 Bf5
16.Nf2 Bxd3 17.Qxd3 Ng6 18.e4 dxe4 19.fxe4 Qd7 20.Bb2 Rfe8 21.Rbe1 Rad8 22.Qf3
Re7 23.d5 Ne5 24.Qf4 Ng6 25.Qg5 Nh7 26.Qh5 Qb5 27.Ba1 Qc5 28.Qf3 Rc8 29.Kh1
Qd6 30.Ng4 Rc5 31.Bd4 Ra5 32.Re3 Nhf8 33.Bc3 Rxa3 34.Bxg7 Rxe3 35.Qxe3 {#r}
1-0

[Event "Bundesliga 2016-17"]
[Site "Berlin GER"]
[Date "2017.04.30"]
[Round "14.1"]
[White "Erdos,V"]
[Black "Bromberger,S"]
[Result "1-0"]
[WhiteElo "2585"]
[BlackElo "2535"]
[EventType "team"]

1.d4 d5 2.Nf3 Nf6 3.c4 dxc4 4.e3 e6 5.Bxc4 c5 6.O-O a6 7.dxc5 Bxc5 8.Qxd8+
Kxd8 9.Ne5 Ke7 10.Be2 Nbd7 11.Nc4 b6 12.Nc3 a5 13.Na4 Ba6 14.Nxc5 bxc5 15.f3
Rhb8 16.Rf2 a4 17.e4 Rb4 18.Ne3 Ne5 19.Bxa6 Rxa6 20.Rc2 Nd3 21.Nc4 Nxc1
22.Raxc1 Nd7 23.Rd2 f5 24.exf5 {#r} 1-0

[Event "Bundesliga 2016-17"]
[Site "Berlin GER"]
[Date "2017.04.30"]
[Round "14.1"]
[White "Kindermann,S"]
[Black "Parligras,M"]
[Result "0-1"]
[WhiteElo "2509"]
[BlackElo "2607"]
[EventType "team"]

1.d4 Nf6 2.Bg5 e6 3.e4 h6 4.Bxf6 Qxf6 5.c3 d5 6.Nd2 c5 7.Ngf3 cxd4 8.Nxd4 Bc5
9.N2b3 Bb6 10.Bb5+ Bd7 11.Bxd7+ Nxd7 12.exd5 Qe5+ 13.Ne2 exd5 14.O-O O-O
15.Ned4 Rfe8 16.Re1 Qf6 17.Qf3 Qg5 18.Rad1 Rad8 19.g3 Ne5 20.Qe2 Qg6 21.f4 Nd3
22.Qxe8+ Rxe8 23.Rxe8+ Kh7 24.Rf1 Nxb2 25.f5 Qf6 26.Kg2 a5 27.Nb5 Qc6 {#R} 0-1

[Event "Bundesliga 2016-17"]
[Site "Berlin GER"]
[Date "2017.04.30"]
[Round "14.1"]
[White "Cyborowski,L"]
[Black "Schramm,C"]
[Result "1-0"]
[WhiteElo "2524"]
[BlackElo "2390"]
[EventType "team"]

1.c4 Nf6 2.Nc3 e6 3.e4 d5 4.e5 Nfd7 5.d4 dxc4 6.Bxc4 c5 7.Nf3 Nc6 8.d5 Ndxe5
9.Nxe5 Nxe5 10.Bb5+ Bd7 11.O-O a6 12.Bxd7+ Qxd7 13.Re1 Ng6 14.dxe6 Qxd1
15.exf7+ Kxf7 16.Rxd1 Be7 17.Be3 Rhd8 18.Na4 Rxd1+ 19.Rxd1 Rc8 20.Rd7 b5
21.Nxc5 Ne5 22.Ra7 Nc4 23.Bg5 Rxc5 24.Bxe7 Rd5 25.g3 Ke6 26.Bf8 g5 27.b3 Nd2
28.Rxa6+ Kf5 29.Kg2 h5 30.Rd6 Rxd6 31.Bxd6 g4 32.Bb4 Nf3 33.a4 bxa4 34.bxa4
Ke6 35.h4 Ne5 36.Bc3 Nc4 37.Kf1 Kd5 38.Ke2 Ke4 39.a5 Nd6 40.a6 Nb5 41.Bb2 Kd5
{#r} 1-0

[Event "Bundesliga 2016-17"]
[Site "Berlin GER"]
[Date "2017.04.30"]
[Round "14.1"]
[White "Gonda,L"]
[Black "Gerigk,E"]
[Result "1-0"]
[WhiteElo "2490"]
[BlackElo "2381"]
[EventType "team"]

1.Nf3 Nf6 2.c4 e6 3.g3 d5 4.d4 Be7 5.Bg2 O-O 6.O-O dxc4 7.Qc2 a6 8.a4 Bd7
9.Qxc4 Bc6 10.Bg5 a5 11.Nc3 Na6 12.Rfd1 Qd6 13.e3 Qb4 14.Qe2 h6 15.Bxf6 Bxf6
16.Ne1 Bxg2 17.Kxg2 Rfd8 18.Nd3 Qc4 19.Rac1 Rd7 20.Qf3 c6 21.Ne4 Qd5 22.Nf4
Qb3 23.Nxf6+ gxf6 24.Nh5 {#r} 1-0

[Event "Bundesliga 2016-17"]
[Site "Berlin GER"]
[Date "2017.04.30"]
[Round "14.2"]
[White "Granda Zuniga,J"]
[Black "Bezold,M"]
[Result "1-0"]
[WhiteElo "2648"]
[BlackElo "2502"]
[EventType "team"]

1.c4 c5 2.Nc3 Nf6 3.g3 e6 4.Nf3 a6 5.Bg2 Be7 6.O-O O-O 7.b3 Nc6 8.d4 cxd4
9.Nxd4 Qc7 10.Bb2 d6 11.Rc1 Ne5 12.e3 Bd7 13.Qe2 Rfe8 14.h3 Bf8 15.g4 h6 16.f4
Ng6 17.g5 hxg5 18.fxg5 Nh7 19.Rxf7 Kxf7 20.Qh5 Kg8 21.Qxg6 d5 22.Rf1 Qe5
23.Nd1 Qd6 24.Qf7+ Kh8 25.Qh5 {#r} 1-0

[Event "Bundesliga 2016-17"]
[Site "Berlin GER"]
[Date "2017.04.30"]
[Round "14.2"]
[White "Lindgren,P"]
[Black "Hoffmann,Micha1"]
[Result "1-0"]
[WhiteElo "2420"]
[BlackElo "2471"]
[EventType "team"]

1.d4 Nf6 2.Nf3 e6 3.c4 d5 4.g3 dxc4 5.Bg2 c5 6.O-O Nc6 7.Qa4 Bd7 8.Qxc4 b5
9.Qd3 c4 10.Qc2 Rc8 11.e4 Be7 12.Nc3 O-O 13.a3 Na5 14.Bf4 Qb6 15.Rad1 Rfd8
16.d5 Bc5 17.d6 Nh5 18.e5 Nxf4 19.gxf4 Nb3 20.Ng5 g6 21.Qe2 Nd4 22.Qg4 Nf5
23.Be4 h6 24.Nf3 Kh7 25.Bxf5 gxf5 26.Qh5 Kg7 27.Kh1 Rh8 28.Rg1+ Kf8 29.Qh4 Qd8
30.Qg3 Ke8 31.Qg8+ {#r} 1-0

[Event "Bundesliga 2016-17"]
[Site "Berlin GER"]
[Date "2017.04.30"]
[Round "14.2"]
[White "Zaragatski,I"]
[Black "Belezky,A"]
[Result "0-1"]
[WhiteElo "2502"]
[BlackElo "2397"]
[EventType "team"]

1.Nf3 Nf6 2.g3 b5 3.Bg2 Bb7 4.Na3 a6 5.c4 b4 6.Nc2 a5 7.d4 Be4 8.a3 b3 9.Ne3
a4 10.g4 h6 11.Nf5 Nxg4 12.Ng3 Bc2 13.Qd2 Nf6 14.e4 Bxe4 15.Nxe4 Nxe4 16.Qd3
Nf6 17.Ne5 Ra6 18.Ng6 Rg8 19.Bd2 d6 20.O-O-O Qc8 21.Nf4 g5 22.Ne2 Nbd7 23.Ng3
e6 24.h4 c5 25.hxg5 hxg5 26.Rhe1 cxd4 27.Qxd4 d5 28.Bc3 Qxc4 29.Qxc4 dxc4
30.Rd4 Nc5 31.Kb1 Nfd7 32.Rxc4 g4 33.Bb4 Be7 34.Rd1 Rg5 35.Ne4 Re5 36.Rh1 Kf8
37.Bc3 Nxe4 38.Rc8+ Kg7 39.Bxe4 Bd6 40.Rd1 {#R} 0-1

[Event "Bundesliga 2016-17"]
[Site "Berlin GER"]
[Date "2017.04.30"]
[Round "14.3"]
[White "Tomashevsky,E"]
[Black "Gharamian,T"]
[Result "1-0"]
[WhiteElo "2724"]
[BlackElo "2626"]
[EventType "team"]

1.c4 Nf6 2.Nc3 e6 3.d4 d5 4.cxd5 exd5 5.Bg5 c6 6.e3 Be7 7.Bd3 Nbd7 8.Qc2 Nh5
9.Bxe7 Qxe7 10.O-O-O Nb6 11.Kb1 g6 12.h3 Ng7 13.g4 Bd7 14.Nf3 O-O-O 15.a4 Qb4
16.Ne5 Be6 17.Be2 Kb8 18.Nd3 Qd6 19.a5 Nd7 20.a6 b6 21.e4 Rc8 22.e5 Qe7 23.f4
f5 24.Rc1 c5 25.Qa4 cxd4 26.Qxd4 Nc5 27.Nxc5 bxc5 28.Qa4 Qc7 29.Bf3 Rhd8
30.Rhd1 d4 31.Qb5+ Qb6 32.Qxb6+ axb6 33.Nb5 Rd7 34.Rd3 Bd5 35.a7+ Ka8 36.Rxd4
Bxf3 37.Rxd7 Ne6 38.gxf5 gxf5 39.Re7 Be4+ 40.Ka1 {#r} 1-0

[Event "Bundesliga 2016-17"]
[Site "Berlin GER"]
[Date "2017.04.30"]
[Round "14.3"]
[White "Postny,E"]
[Black "Balogh,C"]
[Result "0-1"]
[WhiteElo "2611"]
[BlackElo "2621"]
[EventType "team"]

1.d4 d5 2.c4 c6 3.Nf3 Nf6 4.Qc2 dxc4 5.Qxc4 Bf5 6.g3 e6 7.Bg2 Nbd7 8.O-O Be7
9.e3 O-O 10.Qe2 Qc7 11.Nc3 Ne4 12.Nd2 Nxc3 13.bxc3 e5 14.e4 Be6 15.Nc4 f6
16.Rd1 Bf7 17.Ne3 Rfe8 18.Bb2 b5 19.c4 bxc4 20.Nxc4 Nb6 21.Ne3 Na4 22.Rac1
Nxb2 23.Qxb2 Rab8 24.Qc2 exd4 25.Rxd4 Qe5 26.Ra4 a5 27.Nc4 Bxc4 28.Qxc4+ Kf8
29.Qxc6 Rb2 30.Rc2 Rb1+ 31.Bf1 Qa1 32.Qa6 Re1 33.Rxa5 Qb1 34.Rc3 Bb4 35.Rb3
Rxf1+ 36.Qxf1 Qxf1+ 37.Kxf1 Bxa5 38.Rb5 Bc3 39.Ke2 Rxe4+ 40.Kd3 Rb4 41.Rd5 Ba1
{#R} 0-1

[Event "Bundesliga 2016-17"]
[Site "Berlin GER"]
[Date "2017.04.30"]
[Round "14.3"]
[White "Zeller,F"]
[Black "Baramidze,D"]
[Result "0-1"]
[WhiteElo "2397"]
[BlackElo "2601"]
[EventType "team"]

1.e4 c5 2.Nf3 d6 3.d4 cxd4 4.Nxd4 Nf6 5.Nc3 a6 6.Bg5 Nbd7 7.Bc4 e6 8.O-O h6
9.Bh4 g5 10.Bg3 h5 11.h4 gxh4 12.Bxh4 Ne5 13.Bb3 Ng6 14.Bg5 Be7 15.Nf3 h4
16.Qd2 b5 17.Rad1 Bb7 18.Rfe1 h3 19.g3 Ng4 20.Bxe7 Qxe7 21.Nh2 N6e5 22.Qe2
Nxh2 23.Kxh2 f5 24.Rd4 O-O-O 25.Red1 Kb8 26.a4 Rdf8 27.f4 Ng4+ 28.Kh1 bxa4
29.Bxa4 Rc8 30.R1d3 h2 31.Rb4 Ka8 32.Nd1 d5 33.Rdb3 Qc5 34.Qf1 Rh7 35.exf5
exf5 36.c3 d4+ 37.Rxb7 Qd5+ 38.Qg2 Qxg2+ {#R} 0-1

[Event "Bundesliga 2016-17"]
[Site "Berlin GER"]
[Date "2017.04.30"]
[Round "14.5"]
[White "Werle,J"]
[Black "Schreiner,Pe"]
[Result "1-0"]
[WhiteElo "2555"]
[BlackElo "2463"]
[EventType "team"]

1.d4 Nf6 2.c4 g6 3.Nc3 d5 4.cxd5 Nxd5 5.e4 Nxc3 6.bxc3 Bg7 7.Nf3 c5 8.Be3 Qa5
9.Qd2 O-O 10.Rc1 Nd7 11.h4 e5 12.Bh6 exd4 13.Bxg7 Kxg7 14.cxd4 Qxd2+ 15.Kxd2
Nf6 16.Bd3 Re8 17.e5 Ng4 18.Rxc5 Nxf2 19.Rhc1 Nxd3 20.Kxd3 Be6 21.a3 Rad8
22.Rc7 Rd5 23.Ng5 Bd7 24.Ke4 Rd6 25.d5 Bf5+ 26.Kd4 Ra6 27.Nxf7 Kg8 28.g4 {#r}
1-0

[Event "Bundesliga 2016-17"]
[Site "Berlin GER"]
[Date "2017.04.30"]
[Round "14.6"]
[White "Bauer,Ch"]
[Black "Stern,R"]
[Result "1-0"]
[WhiteElo "2623"]
[BlackElo "2521"]
[EventType "team"]

1.c4 e6 2.Nc3 d5 3.d4 Nf6 4.Nf3 Be7 5.Bf4 O-O 6.e3 Nbd7 7.Qc2 c5 8.Rd1 Qa5
9.Nd2 cxd4 10.exd4 dxc4 11.Nxc4 Qd8 12.Be2 Nb6 13.O-O Nbd5 14.Bg3 b6 15.Rfe1
Bb7 16.Nb5 Ne8 17.Qb3 a6 18.Nc3 b5 19.Ne5 Nxc3 20.bxc3 Nd6 21.c4 bxc4 22.Bxc4
Rb8 23.Nxf7 Rxf7 24.Bxe6 Kf8 25.Bxf7 Nxf7 26.Rxe7 Kxe7 27.Qb4+ Kf6 28.d5 g5
29.h4 a5 30.hxg5+ Kg6 31.Qe4+ Kg7 32.Rb1 Qc8 33.Bxb8 Qxb8 34.Qe7 {#r} 1-0

[Event "Bundesliga 2016-17"]
[Site "Berlin GER"]
[Date "2017.04.30"]
[Round "14.6"]
[White "Miton,K"]
[Black "Moreno Tejera,E"]
[Result "1-0"]
[WhiteElo "2612"]
[BlackElo "2444"]
[EventType "team"]

1.d4 f5 2.c4 Nf6 3.Nc3 d6 4.Nf3 g6 5.Bf4 Bg7 6.e3 O-O 7.Be2 Nc6 8.d5 e5 9.dxe6
Bxe6 10.Ng5 Bc8 11.c5 h6 12.Qb3+ d5 13.Nf3 g5 14.Bg3 Qe7 15.O-O Kh8 16.Rad1 a6
17.Rfe1 Rb8 18.h4 Be6 19.hxg5 Ne4 20.Nxd5 Bxd5 21.Rxd5 Nxg3 22.fxg3 hxg5
23.Kf2 Bf6 24.Rh1+ Kg7 25.Qd3 Rf7 26.Qxf5 Kf8 27.Nxg5 Re8 28.Ke1 Qxe3 29.Rh8+
{#r} 1-0

[Event "Bundesliga 2016-17"]
[Site "Berlin GER"]
[Date "2017.04.30"]
[Round "14.6"]
[White "Muse,M"]
[Black "Svane,R"]
[Result "0-1"]
[WhiteElo "2379"]
[BlackElo "2552"]
[EventType "team"]

1.Nf3 d5 2.g3 Bg4 3.Bg2 e6 4.c4 c6 5.cxd5 Bxf3 6.Bxf3 cxd5 7.O-O Nf6 8.Nc3 Nc6
9.d4 Be7 10.Be3 O-O 11.Rc1 Rc8 12.Qd3 Ne8 13.Bd2 Nd6 14.b3 f5 15.Na4 Ne4
16.Rfd1 Nxd2 17.Qxd2 Ba3 18.Rc2 Nxd4 19.Rxc8 Nxf3+ 20.exf3 Qxc8 21.b4 Qc4
22.Rb1 d4 23.Nc5 a5 24.Nb3 Bxb4 25.Qxd4 Qc2 26.Rc1 Qxa2 27.Rc7 Rf7 28.Rc8+ Bf8
29.Qe3 e5 30.Nc5 Qd5 31.Nd3 e4 32.Nf4 Qd1+ 33.Kg2 Qxf3+ 34.Qxf3 exf3+ 35.Kxf3
Re7 36.Nd5 Re6 37.Rb8 a4 38.Rxb7 Ra6 {#R} 0-1

[Event "Bundesliga 2016-17"]
[Site "Berlin GER"]
[Date "2017.04.30"]
[Round "14.6"]
[White "Von Herman,U"]
[Black "Heinemann,T"]
[Result "0-1"]
[WhiteElo "2340"]
[BlackElo "2466"]
[EventType "team"]

1.c4 c5 2.Nc3 Nc6 3.g3 g6 4.Bg2 Bg7 5.Nf3 d6 6.d3 e5 7.Nd2 Nge7 8.Nf1 a6 9.Ne3
Rb8 10.Rb1 b5 11.b3 O-O 12.O-O h6 13.Bd2 Kh7 14.Ned5 Be6 15.a3 Qd7 16.Qc1 f5
17.e3 Bg8 18.Qc2 Rfc8 19.Qa2 Nxd5 20.cxd5 Ne7 21.e4 f4 22.Rfc1 g5 23.Nd1 Bf7
24.b4 Ng6 25.Rb2 cxb4 26.axb4 Rxc1 27.Bxc1 Rc8 28.Bd2 Qb7 29.Bh3 Rc7 30.Qa1
Qb6 31.Ra2 Ra7 32.Bc8 Ne7 33.Bxa6 Kg6 34.Ra5 Nxd5 35.Bxb5 Qxb5 36.Rxa7 Qxd3
37.exd5 Qxd2 38.Qb1+ Kf6 39.Rc7 Qe1+ 40.Kg2 f3+ {#R} 0-1

[Event "Bundesliga 2016-17"]
[Site "Berlin GER"]
[Date "2017.04.30"]
[Round "14.7"]
[White "Kovacs,Ga2"]
[Black "Dinstuhl,V"]
[Result "1-0"]
[WhiteElo "2456"]
[BlackElo "2409"]
[EventType "team"]

1.d4 Nf6 2.c4 e6 3.Nc3 Bb4 4.e3 O-O 5.Bd3 d5 6.Nf3 Nc6 7.O-O a6 8.a3 dxc4
9.Bxc4 Bd6 10.Qc2 Qe7 11.Bd2 h6 12.Rfe1 Bd7 13.e4 e5 14.Nd5 Qd8 15.Rac1 Nxd5
16.Bxd5 exd4 17.e5 Be7 18.Qb3 Be8 19.Be4 Qc8 20.Bc2 Bd7 21.Qd3 g6 22.Bxh6 Bf5
23.Qd2 Rd8 24.Ba4 d3 25.Bxc6 bxc6 26.Rxc6 Qb7 27.Qc3 Rac8 28.h3 Be6 29.Rc1 Bd5
30.Rxc7 Bxf3 31.Rxc8 {#r} 1-0

[Event "Bundesliga 2016-17"]
[Site "Berlin GER"]
[Date "2017.04.30"]
[Round "14.7"]
[White "Zwirs,Nico"]
[Black "Flierl,P"]
[Result "1-0"]
[WhiteElo "2367"]
[BlackElo "2230"]
[EventType "team"]

1.Nf3 e6 2.g3 b6 3.Bg2 Bb7 4.O-O Nf6 5.c4 c5 6.Nc3 Be7 7.e3 O-O 8.d4 Ne4 9.Qc2
Nxc3 10.Qxc3 Be4 11.b3 Nc6 12.Bb2 Bf6 13.Qd2 cxd4 14.Nxd4 Bxg2 15.Kxg2 Bxd4
16.exd4 d5 17.Rac1 Qd7 18.c5 b5 19.Rfe1 Rfe8 20.h4 a6 21.h5 h6 22.Rcd1 Re7
23.Qe2 f6 24.Qg4 Rd8 25.f4 f5 26.Qe2 Rf8 27.Rd3 Rf6 28.Re3 Nd8 29.Ra1 Qb7
30.Bc3 g6 31.Rh1 Qd7 32.Be1 Rg7 33.hxg6 Rfxg6 34.Bf2 Kh7 35.Ra1 Rg4 36.Rf3 Qb7
37.Rc1 Qc6 38.Qe5 Qc7 39.c6 Qxe5 40.dxe5 Rc7 41.Rfc3 {#r} 1-0

[Event "Bundesliga 2016-17"]
[Site "Berlin GER"]
[Date "2017.04.30"]
[Round "14.8"]
[White "Rapport,R"]
[Black "Caruana,F"]
[Result "0-1"]
[WhiteElo "2729"]
[BlackElo "2813"]
[EventType "team"]

1.Nf3 d5 2.c4 d4 3.b4 Bg4 4.g3 Bxf3 5.exf3 e6 6.b5 Nf6 7.Bg2 a6 8.f4 axb5
9.cxb5 c6 10.O-O Be7 11.bxc6 Nxc6 12.a4 O-O 13.Na3 Nd7 14.d3 Ra6 15.Nc4 Qc7
16.Bd2 b6 17.f5 e5 18.f4 Nc5 19.Qf3 e4 20.dxe4 d3 21.Ne3 Nd4 22.Qg4 Rd8 23.Nd5
Rxd5 24.exd5 Bf6 25.Rae1 Qd7 26.Qh3 Rxa4 27.g4 Ra2 28.g5 Rxd2 29.gxf6 Re2
30.Ra1 Re8 31.fxg7 d2 32.f6 Qd8 33.Qh4 Nf5 34.Qg5 Ne3 35.Rfb1 Nc2 36.Bh3 Ne4
37.Qf5 Nxa1 38.Rxa1 Nd6 39.Qe5 Rxe5 40.fxe5 Nc4 {#R} 0-1